000 00478nam a2200133 a 4500
008 120416s1979 ||||||||||||||||| || u
050 _aNA 5955.F5 San
100 _aSantakari, Esa
245 1 4 _aThe Medieval stone churches of Finland
260 _aHelsinki
_bOtava
_c1979
300 _a175p. : ill.
350 _a0.00
995 _D0.00
_FCBU-MAIN LIBRARY (Kitwe)
_H1
_I0.00
_M1
_UAVAILABLE
_ZMain Library Open Access Collection
999 _c50956
_d50956